书目信息 |
| 题名: |
电化学扫描隧道显微术及其应用
|
|
| 作者: | 万立骏 著 | |
| 分册: | ||
| 出版信息: | 北京 科学出版社 2005 |
|
| 页数: | 288页 | |
| 开本: | 24cm | |
| 丛书名: | 21世纪科学版化学专著系列 | |
| 单 册: | ||
| 中图分类: | Q-336 | |
| 科图分类: | ||
| 主题词: | 电化学 , 扫描电子显微术 , 电化学--扫描电子显微术--研究 | |
| 电子资源: | ||
| ISBN: | 7-03-015030-9 | |
| 000 | 01011nam0 2200289 450 | |
| 000 | 01018nam0 2200289 450 | |
| 000 | 00950nam0 2200265 450 | |
| 000 | 00913nam0 2200253 45 | |
| 005 | 20070528133214.90 | |
| 010 | @a7-03-015030-9@b精装@dCNY50.00 | |
| 100 | @a20070418d2005 em y0chiy0120 ea | |
| 101 | 0 | @achi |
| 102 | @aCN@b110000 | |
| 105 | @aa z 000yy | |
| 200 | 1 | @a电化学扫描隧道显微术及其应用@ADian Hua Xue Sao Miao Sui Dao Xian Wei Shu Ji Qi Ying Yong@f万立骏著@FWan Li Jun Zhu |
| 210 | @a北京@c科学出版社@d2005 | |
| 215 | @a288页@c图@d24cm | |
| 225 | 2 | @a21世纪科学版化学专著系列 |
| 300 | @a中国科学院科学出版基金资助出版 | |
| 330 | @a该书内容既涉及晶体学、电化学、表面物理化学等电化学STM研究必备的基础知识,还有翔实的实验技术和电化学STM技术在多领域应用。 | |
| 606 | 0 | @a电化学 |
| 606 | 0 | @a扫描电子显微术 |
| 606 | 0 | @a电化学@x扫描电子显微术@x研究 |
| 690 | @aQ-336@v4 | |
| 701 | 0 | @a万立骏@AWan Li Jun@f(1557.7~)@4著 |
| 801 | 0 | @aCN@bTAOJIN@c20070528 |
| 905 | @a10447@dQ-336@e56 | |
| 电化学扫描隧道显微术及其应用/万立骏著.-北京:科学出版社,2005 |
| 288页:图;24cm.-(21世纪科学版化学专著系列) |
| 中国科学院科学出版基金资助出版 |
| ISBN 7-03-015030-9(精装):CNY50.00 |
| 该书内容既涉及晶体学、电化学、表面物理化学等电化学STM研究必备的基础知识,还有翔实的实验技术和电化学STM技术在多领域应用。 |
| ● |
| 相关链接 |
|
|
|
|
正题名:电化学扫描隧道显微术及其应用
索取号:Q-336/56
 
预约/预借
| 序号 | 登录号 | 条形码 | 馆藏地/架位号 | 状态 | 备注 |
| 1 | 0523305 | 205233059 | 第二样本阅览室/ [索取号:Q-336/56] | 在馆 | |
| 2 | 0523306 | 205233068 | 第三借阅区/ [索取号:Q-336/56] | 在馆 | |
| 3 | 0523307 | 205233077 | 第三借阅区/ [索取号:Q-336/56] | 在馆 | |
| 4 | 0523308 | 205233086 | 第三借阅区/ [索取号:Q-336/56] | 在馆 | |
| 5 | 0523309 | 205233095 | 第三借阅区/ [索取号:Q-336/56] | 在馆 |